| 000 | 00446nam a2200181Ia 4500 | ||
|---|---|---|---|
| 001 | 10332 | ||
| 005 | 20260306161824.0 | ||
| 008 | 260306t1977||||xx |||||||||||||| ||spa|| | ||
| 041 | _aESP | ||
| 082 |
_a920.02 _bF83F |
||
| 100 |
_aMiller, Jonathan (dir.) _eAUT |
||
| 245 | 0 |
_aFreud: _bEl hombre, su mundo y su influencia |
|
| 260 | _c1977 | ||
| 300 |
_a203 páginas : _c25 cm. |
||
| 650 | _aGEN | ||
| 654 | _aCHU | ||
| 942 |
_cLIB _dJUS _fJUS _2ddc _n |
||
| 999 |
_c10332 _d10332 |
||